Statistics for EFL League Two Clubs by Badges

Click here to take the quiz!

General Stats

  • This quiz has been taken 1,112 times
    (272 since last reset)
  • The average score is 18 of 24

Answer Stats

Answer% Correct
Wrexham
94%
{Forest} {Green} Rovers
87%
{Notts} County
85%
{Grimsby} Town
84%
Wimbledon
82%
Gillingham
81%
{Bradford} City
80%
{Salford} City
79%
{Crewe} {Alexandra}
77%
{Swindon} Town
76%
Barrow
75%
{Mansfield} Town
75%
Morecambe
75%
{Newport} County
75%
Walsall
75%
{Colchester} United
74%
{Doncaster} Rovers
72%
{Milton} {Keynes} {Dons}
72%
{Accrington} {Stanley}
67%
{Sutton} United
66%
{Stockport} County
64%
{Tranmere} Rovers
64%
{Crawley} Town
62%
{Harrogate} Town
55%

Score Distribution

Percentile by Number Answered

Percent of People with Each Score

Your Score History

You have not taken this quiz since the last reset